Uznesenie 7. zasadnutia Ústredného výboru Strany slovenskej obrody z 6. júna 1984

Bibliographic Details
Format: Article
Language:Slovak
Subjects:

MARC

LEADER 00000nab a2200000 a 4500
001 vtls000185014
003 SK-MaSNL
005 20260302201937.0
008 111106c1984 xo 0 slo
015 |a SNBRB19rr/mm-uuuuu 
035 |a CL0195127 
040 |a SNKBUCL  |b slo  |c SNKBUCL  |e AACR2 
041 0 |a slo 
044 |a xo  |c SK 
080 |a 329.71(437.6)  |2 1981 
245 0 0 |a Uznesenie 7. zasadnutia Ústredného výboru Strany slovenskej obrody z 6. júna 1984 
610 2 7 |a Strana slovenskej obrody  |2 snkbucl  |9 172704 
651 7 |a 5100  |2 snkbucl  |9 166206 
655 7 |a články z novín a časopisov  |2 snkbucl  |9 267496 
773 0 |t Ľud  |g Roč. 37, č. 133 (7. 6. 1984), s. 1 
850 |a Slovenská národná knižnica v Martine  |a MTA001 
852 |a SNK  |b KIS3GCP 
958 |a RK 
992 |a RBX 
999 |c 1462849  |d 1464779